000 00488nam a2200145 i 4500
001 44410
003 ES-MaACL
005 20230906161025.0
007 t|
008 030321s1967 sp ||||1| spa d
245 0 0 _aCódigo alimentario español
_b: Decreto 2484/1967 de la Presidencia del Gobierno, de 21 de septiembre, y texto del Código Alimentario Español.
260 _aMadrid :
_bEdiciones laborales,
_c[1967]
300 _a255 p. ;
_c24 cm.
852 _aES-MaACL
_jC-45565
_bR.67885
999 _c44410
_d44410